000 01108nam a22002537a 4500
005 20090825120337.0
008 090728t xxu||||| |||| 00| 0 pun d
010 _aPUN-6528
020 _c100.00
_a9789350171639
035 _aPN-5646
037 _bDBAD / PUB
040 _adpl
_bpn
082 _a851
100 _924414
_aਗੁਰਜੀਤ ਸਿੰਘ ਕਾਲਾਂਵਾਲੀ
245 _aਦੋ ਤੇਰੀਆਂ ਦੋ ਮੇਰੀਆਂ /
_cਗੁਰਜੀਤ ਸਿੰਘ ਕਾਲਾਂਵਾਲੀ
246 _aDo Terian do merian
_bby Gurjit Singh Kalanwali
260 _aਚੰਡੀਗਡ਼
_bਲੋਕਗੀਤ ਪ੍ਰਕਾਸ਼ਨ
_c2010
270 _as.c.o-26-27, Sector-34-A,
_bਚੰਡੀਗਡ਼
_e160022
_k01624-682954, 09781534406
300 4 _a71 ਸਫੇ
_c22 ਸੇਮੀ (ਸਜਿਲੱਦ)
650 _924412
_aਕਵਿਤਾਵਾਂ
650 _aPoems
_924431
942 _2ddc
_cPN
_h851
_mਗੁਰਜੀ
999 _c48928
_d48928